| 000 | 00493nam a22001457a 4500 | ||
|---|---|---|---|
| 020 | _a978-1-4424-0264-5 | ||
| 082 |
_a823 _bDIX/H |
||
| 100 | _aDIXON, FRANKLIN W | ||
| 245 | _aTH HARDY BOYS - FOREVER LOST | ||
| 260 |
_aNEW YORK _bALADDIN PAPERBACKS _c2011 |
||
| 300 | _a153 | ||
| 520 | _a Frank has been discovered at long last and may posess key answers to questions that will solve the mystery of the LOST abductions once and for all. | ||
| 650 |
_aMYSTERY STORY _zUNITED STATES |
||
| 942 | _cBK | ||
| 999 |
_c7785 _d7785 |
||